Central Library OPAC University of Rajshahi

Whose rural development? : (Record no. 34353)

MARC details
000 -LEADER
fixed length control field 01345nam a2200313 a 4500
001 - CONTROL NUMBER
control field 34353
003 - CONTROL NUMBER IDENTIFIER
rucl marc code BD-RjUL
005 - DATE AND TIME OF LATEST TRANSACTION
control field 20211209052139.0
008 - FIXED-LENGTH DATA ELEMENTS--GENERAL INFORMATION
fixed length control field 140515s1984 bg ab b 000 0 eng d
035 ## - SYSTEM CONTROL NUMBER
System control number (BD-RjUL)34447
System control number (CStRLIN)NYCXAHK8289-B
040 ## - CATALOGING SOURCE
Original cataloging agency NIC
Transcribing agency NIC
Language of cataloging eng
Modifying agency BD-RjUL
041 ## - LANGUAGE CODE
Language code of text/sound track or separate title eng
082 ## - DEWEY DECIMAL CLASSIFICATION NUMBER
Classification number 301.24
Author mark and year CHW 1984
100 1# - MAIN ENTRY--PERSONAL NAME
Personal name Chisholm, N. G.
9 (RLIN) 104463
245 10 - TITLE STATEMENT
Title Whose rural development? :
Remainder of title socio-economic change in DTW pumpgroups in Bogra District, northwest Bangladesh /
Statement of responsibility, etc. Nick Chisholm.
246 14 - VARYING FORM OF TITLE
Title proper/short title Whose rural development? :
Remainder of title socio-economic change in DTW (deep tubewell) pumpgroups in Bogra District, northwest Bangladesh
260 ## - PUBLICATION, DISTRIBUTION, ETC. (IMPRINT)
Place of publication, distribution, etc. Dhaka :
Name of publisher, distributor, etc. Swedish International Development Authority,
Date of publication, distribution, etc. 1984.
300 ## - PHYSICAL DESCRIPTION
Pagination xv, 206 p. :
Illustrations ill., maps ;
Size 30 cm.
500 ## - GENERAL NOTE
General note Study initiated by SIDA.
504 ## - BIBLIOGRAPHY, ETC. NOTE
Bibliography, etc Includes bibliographical references (p. 203-206).
650 #0 - SUBJECT ADDED ENTRY--TOPICAL TERM
Topical term or geographic name as entry element Rural development
Geographic subdivision Bangladesh
-- Bogra District.
9 (RLIN) 104464
Topical term or geographic name as entry element Irrigation
Geographic subdivision Bangladesh
-- Bogra District
General subdivision Management.
9 (RLIN) 104465
Topical term or geographic name as entry element Wells
Geographic subdivision Bangladesh
-- Bogra District.
9 (RLIN) 104466
651 #0 - SUBJECT ADDED ENTRY--GEOGRAPHIC NAME
Geographic name Bogra District (Bangladesh)
General subdivision Economic conditions.
9 (RLIN) 104467
Geographic name Bogra District (Bangladesh)
General subdivision Social conditions.
9 (RLIN) 104468
710 1# - ADDED ENTRY--CORPORATE NAME
Corporate name or jurisdiction name as entry element Sweden.
Subordinate unit Styrelsen fΓΆr internationell utveckling.
9 (RLIN) 104469
942 ## - ADDED ENTRY ELEMENTS (KOHA)
Source of classification or shelving scheme Dewey Decimal Classification
Koha item type Books
Holdings
Lost status Source of classification or shelving scheme Damaged status Not for loan Collection code Permanent Location Current Location Shelving location Date acquired Total Checkouts Full call number Date last seen Copy number Koha item type
  Dewey Decimal Classification   Not For Loan Non-fiction Central Library, University of Rajshahi Central Library, University of Rajshahi Reading Room 28/07/1994   301.24 CHW 1984 15/05/2014 C-1 Books